Statistics for FlyOrDie All Animals

Click here to take the quiz!

General Stats

  • This quiz has been taken 42 times
    (40 since last reset)
  • The average score is 31 of 45

Answer Stats

Max XPAnimal% Correct
80Butterfly
100%
30Fly
100%
650Dragonfly
95%
150Mosquito
95%
390Wasp
95%
1,700Blue Bird
90%
1,300Duck
90%
950Pigeon
85%
5,900Bat
65%
9,050Black Bird
65%
18,150Eagle
65%
15,750Falcon
65%
29,150Hawk
65%
10,050Hornet
65%
47,150Mad Bat
65%
13,750Maroon Bird
65%
12,050Owl
65%
2,600Parrot
65%
4,350Pelican
65%
82,150Pterodactyl
65%
37,150Raven
65%
3,650Red Bird
65%
8,050Seagull
65%
23,150Snowy Owl
65%
3,100Stork
65%
5,100Turkey
65%
10,650Vulture
65%
349,150Cosmic Bat
60%
299,150Cosmic Big Eye
60%
152,150Demonic Egg Eater
60%
207,150Demonic Imp
60%
232,150Dragon
60%
369,151Ghost
60%
384,150Ghostly Reaper
60%
Grim Reaper
60%
349,151Overfed Cosmic Bat
60%
272,150Phoenix
60%
57,150Pterodactyl Child
60%
409,150Pumpkin
60%
434,150Pumpkin Ghost
60%
132,150Stone Eater
60%
117,150Swamp Monster
60%
314,150Cosmic Angry Eye
55%
287,150Cosmic Insect
55%
182,150Demonic Bat
55%

Score Distribution

Percentile by Number Answered

Percent of People with Each Score

Your Score History

You have not taken this quiz since the last reset